书目信息 |
| 题名: |
晚明思想史论
|
|
| 作者: | 嵇文甫 著 | |
| 分册: | ||
| 出版信息: | 北京 东方出版社 2013.1 |
|
| 页数: | 207页 | |
| 开本: | 23cm | |
| 丛书名: | 民国学术经典文库 | |
| 单 册: | ||
| 中图分类: | B248.05 | |
| 科图分类: | ||
| 主题词: | 思想史--Si Xiang Shi--研究--中国--明代 , 研究--Yan Jiu , 中国--Zhong Guo | |
| 电子资源: | ||
| ISBN: | 978-7-5060-6025-7 | |
| 000 | 00903nam0 22002771 450 | |
| 001 | 0101082526 | |
| 005 | 20161201094540.10 | |
| 010 | @a978-7-5060-6025-7@dCNY29.00 | |
| 100 | @a20130729d2013 em y0chiy50 ea | |
| 101 | 0 | @achi |
| 102 | @aCN@b110000 | |
| 105 | @ay z 000yy | |
| 106 | @ar | |
| 200 | 1 | @a晚明思想史论@AWan Ming Si Xiang Shi Lun@f嵇文甫著 |
| 210 | @a北京@c东方出版社@d2013.1 | |
| 215 | @a207页@d23cm | |
| 225 | 2 | @a民国学术经典文库@AMin Guo Xue Shu Jing Dian Wen Ku@i思想史类 |
| 330 | @a本书重点阐述了王门诸子的道学革新运动和东林派的反狂禅运动,佛学、西学、古学则错综交织于其间。 | |
| 461 | 0 | @12001 @a民国学术经典文库@i思想史类 |
| 606 | 0 | @a思想史@ASi Xiang Shi@x研究@y中国@z明代 |
| 606 | 0 | @a研究@AYan Jiu |
| 606 | 0 | @a中国@AZhong Guo |
| 690 | @aB248.05@v5 | |
| 701 | 0 | @a嵇文甫@AJi Wen Fu@4著 |
| 801 | 0 | @aCN@bTANGWEI@c20161128 |
| 905 | @b0952212-6@dB248.05@e44@f5 | |
| 晚明思想史论/嵇文甫著.-北京:东方出版社,2013.1 |
| 207页;23cm.-(民国学术经典文库.思想史类) |
| ISBN 978-7-5060-6025-7:CNY29.00 |
| 本书重点阐述了王门诸子的道学革新运动和东林派的反狂禅运动,佛学、西学、古学则错综交织于其间。 |
| ● |
| 相关链接 |
|
|
|
|
正题名:晚明思想史论
索取号:B248.05/44
 
预约/预借
| 序号 | 登录号 | 条形码 | 馆藏地/架位号 | 状态 | 备注 |
| 1 | 0952212 | 209522122 | 第一样本阅览室/ [索取号:B248.05/44] | 在馆 | |
| 2 | 0952213 | 209522131 | 第一借阅区/ [索取号:B248.05/44] | 在馆 | |
| 3 | 0952214 | 209522140 | 第一借阅区/ [索取号:B248.05/44] | 在馆 | |
| 4 | 0952215 | 209522159 | 第一借阅区/ [索取号:B248.05/44] | 在馆 | |
| 5 | 0952216 | 209522168 | 第一借阅区/ [索取号:B248.05/44] | 在馆 |